Papermaking Science and Technology Book 9: Papermaking Part 2, Drying

Guardado en:
Detalles Bibliográficos
Otros Autores: Karlsson, Makku
Formato: Libro
Lenguaje:inglés
Publicado: Helsinki Fapet Oy 2000
Materias:
Acceso en línea:Ver en el OPAC
Etiquetas: Agregar Etiqueta
Sin Etiquetas, Sea el primero en etiquetar este registro!

MARC

LEADER 00000nam a2200000 a 4500
005 20260127134207.0
008 060327 1998 fi 000 0 eng d
020 |a 9525216098 
035 |a vtls008639797 
039 9 |y 200603271339  |z mschk03 
040 |a STUSCHK1  |b slo  |c STUSCHK1  |e AACR2 
080 |a 676(03) 
245 1 |a Papermaking Science and Technology  |b Book 9: Papermaking Part 2, Drying 
260 |a Helsinki  |b Fapet Oy  |c 2000 
300 |a 496 p. 
650 0 |a papermaking science  |x technology 
700 1 |a Karlsson, Makku 
910 |a SCHK95 
919 |a 952-5216-09-8 
999 |c 6352  |d 6352